000 01696cam a22002294a 4500
005 20250605163943.0
008 250528s ||||||||||||||||||||||||d
035 _a15111
020 _a538878991
040 _aGR-AtMCL
_bgre
_dGR-AtMCL
_eAACR2
245 1 _aManagement / Challenges in the 21st Century: Second Edition
250 _a2nd
260 _bSouth-Western Publishing Co,
_c1998
300 _a674
520 _aThis textbook will help you form a realistic vision of business and the manager's role in the new millennium. Preface, Meeting the Challenges of the 21st Century, Management and Managers: Yesterday and Today and Tomorrow, Evolution of Management Thought, Social Responsibility and Ethics, Planning Challenges in the 21st Century, Planning in the Contemporary Organization, Strategic Planning in a Global Environment, Effective Managerial Decision Making, Decision-Making Tools and Techniques, Organizing Challenges in the 21st Century, Organizing for Quality and Productivity and Job Satisfaction, Designing the Contemporary Organization, Managing Human Resources, Organizing Culture and Change and Development, Leadership Challenges in the 21st Century, Communicating Effectively within Diverse Organizations, Understanding Leadership in a Dynamic Environment, Effectively Managing Individual and Group Behavior, Control Challenges in the 21st Century, Organizational Control in a Complex Business Environment, Productivity and Quality in Operations, Information Technology and Control, Appendix, Index.
700 1 _aFandt M. Patricia
_9958
700 1 _aGoodman H. Stephen
_9959
700 1 _aLewis S. Pamela
_9960
942 _cBK
999 _c708
_d708